<?xml version="1.0" encoding="UTF-8"?><?xml-stylesheet type="text/xsl" href="static/style.xsl"?><OAI-PMH xmlns="http://www.openarchives.org/OAI/2.0/" xmlns:xsi="http://www.w3.org/2001/XMLSchema-instance" xsi:schemaLocation="http://www.openarchives.org/OAI/2.0/ http://www.openarchives.org/OAI/2.0/OAI-PMH.xsd"><responseDate>2026-04-14T07:33:10Z</responseDate><request verb="GetRecord" identifier="oai:www.recercat.cat:10230/57428" metadataPrefix="marc">https://recercat.cat/oai/request</request><GetRecord><record><header><identifier>oai:recercat.cat:10230/57428</identifier><datestamp>2025-12-12T02:51:19Z</datestamp><setSpec>com_2072_6</setSpec><setSpec>col_2072_452952</setSpec></header><metadata><record xmlns="http://www.loc.gov/MARC21/slim" xmlns:dcterms="http://purl.org/dc/terms/" xmlns:xsi="http://www.w3.org/2001/XMLSchema-instance" xmlns:doc="http://www.lyncode.com/xoai" xsi:schemaLocation="http://www.loc.gov/MARC21/slim http://www.loc.gov/standards/marcxml/schema/MARC21slim.xsd">
   <leader>00925njm 22002777a 4500</leader>
   <datafield ind2=" " ind1=" " tag="042">
      <subfield code="a">dc</subfield>
   </datafield>
   <datafield ind2=" " ind1=" " tag="720">
      <subfield code="a">Mueller, Natalie, 1988-</subfield>
      <subfield code="e">author</subfield>
   </datafield>
   <datafield ind2=" " ind1=" " tag="720">
      <subfield code="a">Anderle, Rodrigo</subfield>
      <subfield code="e">author</subfield>
   </datafield>
   <datafield ind2=" " ind1=" " tag="720">
      <subfield code="a">Brachowicz, Nicolai</subfield>
      <subfield code="e">author</subfield>
   </datafield>
   <datafield ind2=" " ind1=" " tag="720">
      <subfield code="a">Graziadei, Helton</subfield>
      <subfield code="e">author</subfield>
   </datafield>
   <datafield ind2=" " ind1=" " tag="720">
      <subfield code="a">Lloyd, Simon J.</subfield>
      <subfield code="e">author</subfield>
   </datafield>
   <datafield ind2=" " ind1=" " tag="720">
      <subfield code="a">de Sampaio Morais, Gabriel</subfield>
      <subfield code="e">author</subfield>
   </datafield>
   <datafield ind2=" " ind1=" " tag="720">
      <subfield code="a">Pietro Sironi, Alberto</subfield>
      <subfield code="e">author</subfield>
   </datafield>
   <datafield ind2=" " ind1=" " tag="720">
      <subfield code="a">Gibert, Karina</subfield>
      <subfield code="e">author</subfield>
   </datafield>
   <datafield ind2=" " ind1=" " tag="720">
      <subfield code="a">Tonne, Cathryn</subfield>
      <subfield code="e">author</subfield>
   </datafield>
   <datafield ind2=" " ind1=" " tag="720">
      <subfield code="a">Nieuwenhuijsen, Mark J.</subfield>
      <subfield code="e">author</subfield>
   </datafield>
   <datafield ind2=" " ind1=" " tag="720">
      <subfield code="a">Rasella, Davide</subfield>
      <subfield code="e">author</subfield>
   </datafield>
   <datafield ind2=" " ind1=" " tag="260">
      <subfield code="c">2023-07-03T06:00:21Z</subfield>
   </datafield>
   <datafield ind2=" " ind1=" " tag="260">
      <subfield code="c">2023-07-03T06:00:21Z</subfield>
   </datafield>
   <datafield ind2=" " ind1=" " tag="260">
      <subfield code="c">2023</subfield>
   </datafield>
   <datafield ind2=" " ind1=" " tag="520">
      <subfield code="a">Background: Health impact assessment (HIA) is a widely used process that aims to identify the health impacts, positive or negative, of a policy or intervention that is not necessarily placed in the health sector. Most HIAs are done prospectively and aim to forecast expected health impacts under assumed policy implementation. HIAs may quantitatively and/or qualitatively assess health impacts, with this study focusing on the former. A variety of quantitative modelling methods exist that are used for forecasting health impacts, however, they differ in application area, data requirements, assumptions, risk modelling, complexities, limitations, strengths, and comprehensibility. We reviewed relevant models, so as to provide public health researchers with considerations for HIA model choice. Methods: Based on an HIA expert consultation, combined with a narrative literature review, we identified the most relevant models that can be used for health impact forecasting. We narratively and comparatively reviewed the models, according to their fields of application, their configuration and purposes, counterfactual scenarios, underlying assumptions, health risk modelling, limitations and strengths. Results: Seven relevant models for health impacts forecasting were identified, consisting of (i) comparative risk assessment (CRA), (ii) time series analysis (TSA), (iii) compartmental models (CMs), (iv) structural models (SMs), (v) agentbased models (ABMs), (vi) microsimulations (MS), and (vii) artificial intelligence (AI)/machine learning (ML). These models represent a variety in approaches and vary in the fields of HIA application, complexity and comprehensibility. We provide a set of criteria for HIA model choice. Researchers must consider that model input assumptions match the available data and parameter structures, the available resources, and that model outputs match the research question, meet expectations and are comprehensible to end-users. Conclusion: The reviewed models have specific characteristics, related to available data and parameter structures, computational implementation, interpretation and comprehensibility, which the researcher should critically consider before HIA model choice.</subfield>
   </datafield>
   <datafield tag="653" ind2=" " ind1=" ">
      <subfield code="a">Health Impact Assessment</subfield>
   </datafield>
   <datafield tag="653" ind2=" " ind1=" ">
      <subfield code="a">Ex-Ante Impact Evaluation</subfield>
   </datafield>
   <datafield tag="653" ind2=" " ind1=" ">
      <subfield code="a">Forecast</subfield>
   </datafield>
   <datafield tag="653" ind2=" " ind1=" ">
      <subfield code="a">Modelling</subfield>
   </datafield>
   <datafield tag="653" ind2=" " ind1=" ">
      <subfield code="a">Policy</subfield>
   </datafield>
   <datafield ind2="0" ind1="0" tag="245">
      <subfield code="a">Model choice for quantitative health impact assessment and modelling: an expert consultation and narrative literature review</subfield>
   </datafield>
</record></metadata></record></GetRecord></OAI-PMH>